000 00675nam a22002177a 4500
008 240706b mp ||||| |||| 00| 0 mon d
035 _a3947
040 _aBH0164090
_bmon
_cMN-UlNLM
_dMN-UlNLM
_erda
041 _amon
042 _a55502
084 _2NNA
_a84/2орос/
_bЛ-59
100 _aЛиндгрен А.
245 0 _aЛённебергийн Эмиль хүүгийн адал явдал
264 _aУлаанбаатар
_bУлсын хэвлэлийн газар
_c1990
300 _a160х.
336 _2rdacontent
_atext
_btxt
337 _2rdamedia
_aunmediated
_bn
338 _2rdacarrier
_avolume
_bnc
650 _aТууж
942 _2NNA
_cBK
999 _c1103339
_d1103396